000 00443cam a2200181ua 4500
020 _c3.00
041 _amal
_h
082 _a894.8121
_bEZH/AY
100 _aEzhuthachan, Thunchath .
245 _aAyodhyakandam /
_cEzhuthachan thunchath.
_hTextual Documents
250 _a1 /
_b.
260 _aOttapalam :
_bAjith book centre ,
_c1964.
300 _a152 ; .
365 _a3.00
504 _a
942 _cBK
999 _c4123
_d4123